| 000 | 00619nam a2200241 a 4500 | ||
|---|---|---|---|
| 001 | nice12345678 | ||
| 003 | IN_TiNIC | ||
| 005 | 20260116012817.0 | ||
| 008 | 050524s1985 newa grp 000 0 eng | ||
| 020 |
_a _c95 |
||
| 082 | 0 | 0 |
_a954.2058 _bMIC |
| 100 | _aMichand, Joseph Par | ||
| 245 |
_aHistory of Mysore _b Under Hyder Ali and Tipoo Sultan |
||
| 260 |
_aNew Delhi _bAsian Educational Services _c1985 |
||
| 300 | _a190p | ||
| 500 | _aincludes index and biblioraphy | ||
| 505 | 2 | _aAppendix | |
| 650 | _aTipu Sultan | ||
| 650 | _aIndia-History Mysore | ||
| 902 | _bSRS | ||
| 942 | _cBK | ||
| 999 |
_c8469 _d8469 |
||